[Event "BAN-chB 43rd"]
[Site "Dhaka"]
[Date "2017.11.14"]
[Round "8"]
[White "Abdul, Momin"]
[Black "Md Abdul, Maleq"]
[Result "1-0"]
[WhiteElo "2029"]
[BlackElo "1872"]
[PlyCount "97"]
[EventDate "2017.11.07"]
[EventType "swiss"]
[EventRounds "11"]
[EventCountry "BAN"]
[SourceTitle "CBM 181 Extra"]
[Source "ChessBase"]
[SourceDate "2017.12.12"]
[SourceVersion "1"]
[SourceVersionDate "2017.12.12"]
[SourceQuality "1"]

1. e4 g6 2. d4 Bg7 3. Be3 d6 4. Nc3 Nf6 5. f3 a5 6. g4 c6 7. Qd2 a4 8. a3 b5 9. d5 0-0 10. dxc6 Nxc6 11. Bxb5 Ne5 12. Nxa4 Rxa4 13. Bxa4 Nc4 14. Qb4 Nxe3 15. Kf2 Bh6 16. h4 Bf4 17. Ne2 e5 18. Nxf4 exf4 19. Rae1 d5 20. e5 Nd7 21. Qxf4 Nc4 22. Qd4 Ndb6 23. Bb5 Bb7 24. a4 Qc7 25. Re2 Rd8 26. b3 Na5 27. h5 Nc6 28. Bxc6 Qxc6 29. h6 Qe6 30. c4 Ba6 31. Re3 Nc8 32. Rd1 Ne7 33. Qa7 g5 34. Qc7 Rd7 35. cxd5 Qxh6 36. Qxd7 Qh2+ 37. Ke1 Qg1+ 38. Kd2 Qf2+ 39. Kc3 Qxe3+ 40. Kc2 Qxe5 41. Qd8+ Kg7 42. Qa5 Be2 43. Rd2 Bxf3 44. Qc3 Be4+ 45. Kb2 Qxc3+ 46. Kxc3 Nxd5+ 47. Kd4 Bh1 48. a5 h5 49. Rh2 1-0

[Event "BAN-chB 43rd"]
[Site "Dhaka"]
[Date "2017.11.12"]
[Round "6"]
[White "Md Abdul, Maleq"]
[Black "Uddin, Saif"]
[Result "0-1"]
[WhiteElo "1872"]
[BlackElo "2107"]
[PlyCount "100"]
[EventDate "2017.11.07"]
[EventType "swiss"]
[EventRounds "11"]
[EventCountry "BAN"]
[SourceTitle "CBM 181 Extra"]
[Source "ChessBase"]
[SourceDate "2017.12.12"]
[SourceVersion "1"]
[SourceVersionDate "2017.12.12"]
[SourceQuality "1"]

1. e4 d5 2. exd5 Nf6 3. c4 c6 4. Nc3 cxd5 5. d4 Nc6 6. cxd5 Nxd5 7. Bb5 g6 8. Nge2 Bg7 9. Qa4 0-0 10. 0-0 Nb6 11. Qb3 Be6 12. d5 Nxd5 13. Nxd5 Bxd5 14. Qa4 a6 15. Bd3 Bxg2 16. Rd1 Bd5 17. Be4 e6 18. Nc3 b5 19. Qc2 Nd4 20. Qd3 Bxe4 21. Qxe4 b4 22. Be3 e5 23. Na4 Qa5 24. b3 f5 25. Qd3 Rac8 26. Rac1 e4 27. Qf1 Nf3+ 28. Kh1 Qe5 29. Qg2 Rxc1 30. Bxc1 Qb5 31. Be3 Rc8 32. Nb6 Qe2 33. Rf1 Rd8 34. Nc4 Rd1 35. Nd2 Nxd2 36. Rxd1 Qxd1+ 37. Qg1 Qxg1+ 38. Kxg1 Nf3+ 39. Kg2 Bd4 40. Bf4 Kf7 41. Bd6 Be5 42. Bxb4 Bxh2 43. Kf1 Ke6 44. Ke2 Bd6 45. Bc3 h5 46. Kf1 g5 47. Kg2 g4 48. Bg7 h4 49. Bc3 h3+ 50. Kh1 f4 0-1

[Event "Dhaka Powertec op-B"]
[Site "Dhaka"]
[Date "2017.07.23"]
[Round "9"]
[White "Avik, Sarker"]
[Black "Md Abdul, Maleq"]
[Result "1-0"]
[WhiteElo "1987"]
[BlackElo "1878"]
[PlyCount "100"]
[EventDate "2017.07.15"]
[EventType "swiss"]
[EventRounds "9"]
[EventCountry "BAN"]
[SourceTitle "EXT 2018"]
[Source "ChessBase"]
[SourceDate "2017.10.13"]
[SourceVersion "1"]
[SourceVersionDate "2017.10.13"]
[SourceQuality "1"]

1. d4 Nf6 2. Nf3 g6 3. g3 Bg7 4. Bg2 d6 5. c4 0-0 6. 0-0 Nh5 7. Nc3 Nc6 8. d5 Ne5 9. Nxe5 Bxe5 10. f4 Bg7 11. e4 c5 12. Be3 Qb6 13. Qb3 Qa5 14. Bf3 Bh3 15. Rfe1 a6 16. Kf2 b5 17. g4 bxc4 18. Qxc4 Rfb8 19. Re2 Rb4 20. Qd3 Rab8 21. Rb1 Bxc3 22. Qxc3 Nf6 23. a3 Ra4 24. Qxa5 Rxa5 25. Kg3 Bxg4 26. Bxg4 Nxe4+ 27. Kf3 f5 28. Rd1 Rb3 29. Bh3 Rab5 30. Bf1 Rxb2 31. Rxb2 Rxb2 32. Bxa6 Ra2 33. Bd3 Nc3 34. Rg1 Kf7 35. Bc1 Rxh2 36. Kg3 Ra2 37. Rg2 Rxg2+ 38. Kxg2 e5 39. Bd2 Na4 40. Bb5 Nb6 41. Ba5 Nc8 42. fxe5 dxe5 43. Bc7 Ke7 44. Bxe5 Nd6 45. Bc6 c4 46. a4 g5 47. a5 Nc8 48. a6 Kd8 49. d6 Nb6 50. a7 Kc8 1-0

[Event "Dhaka Powertec op-B"]
[Site "Dhaka"]
[Date "2017.07.21"]
[Round "7"]
[White "Md Abdul, Maleq"]
[Black "Abdul, Momin"]
[Result "0-1"]
[WhiteElo "1878"]
[BlackElo "1985"]
[PlyCount "108"]
[EventDate "2017.07.15"]
[EventType "swiss"]
[EventRounds "9"]
[EventCountry "BAN"]
[SourceTitle "EXT 2018"]
[Source "ChessBase"]
[SourceDate "2017.10.13"]
[SourceVersion "1"]
[SourceVersionDate "2017.10.13"]
[SourceQuality "1"]

1. c4 Nf6 2. Nc3 d5 3. cxd5 Nxd5 4. Nf3 Nc6 5. g3 e5 6. d3 Be7 7. Bg2 Be6 8. a3 0-0 9. 0-0 Rb8 10. Qc2 f5 11. b4 Nd4 12. Nxd4 exd4 13. Nb5 Nc3 14. Nxd4 Qxd4 15. Bb2 Bf6 16. Kh1 c5 17. e3 Qe5 18. bxc5 Bd5 19. e4 fxe4 20. d4 Qxd4 21. Rad1 Qxc5 22. Bxc3 Rbc8 23. Qd2 Bc4 24. Bb4 Qc6 25. Rc1 Rfe8 26. Kg1 Qb5 27. a4 Qf5 28. Rxc4 Rxc4 29. Qa2 Qe6 30. Bh3 Qf7 31. Bd2 Rd4 32. Qc2 Qc4 33. Qb2 Qxa4 34. Bc3 Rd6 35. Bxf6 Rxf6 36. Qxb7 Ref8 37. Bd7 Qd4 38. Qb3+ Kh8 39. Qa4 Qxa4 40. Bxa4 e3 41. f4 Ra6 42. Bb5 Rb6 43. Bc4 a5 44. Re1 Re8 45. Bf7 Re7 46. Rc1 g6 47. Bd5 Rd6 48. Rc8+ Kg7 49. Rg8+ Kh6 50. Bf3 e2 51. g4 e1Q+ 52. Kg2 Rd2+ 53. Kh3 Qf1+ 54. Kg3 Qf2+ 0-1